[Event "G5-Gruppe 2 2013"]
[Site "Elsinore"]
[Date "2013.03.28"]
[Round "1"]
[White "Madsen, Per"]
[Black "Brandt, Klaus"]
[Result "0-1"]
[WhiteElo "1703"]
[BlackElo "1795"]
[PlyCount "124"]
[EventDate "2013.??.??"]
[EventType "swiss"]
[EventRounds "5"]
[EventCountry "DEN"]

1. c4 c6 2. g3 d5 3. Bg2 e5 4. Qc2 Be6 5. b3 Nf6 6. Bb2 d4 7. Nf3 Nbd7 8. O-O
Bd6 9. Ng5 Bg4 10. Nf3 O-O 11. d3 Re8 12. Nbd2 Rb8 13. h3 Bh5 14. Rae1 c5 15.
Nh4 Bg6 16. Nxg6 hxg6 17. Bc1 a6 18. e4 b5 19. Nf3 Nh7 20. Nh4 Bc7 21. Bd2 b4
22. f4 exf4 23. Nxg6 fxg6 24. Bxf4 Bxf4 25. gxf4 g5 26. f5 Ne5 27. Bf3 Nxf3+
28. Rxf3 Qd6 29. Qe2 Qe5 30. Qg2 Rb6 31. Rg3 Rh6 32. Rg4 Rh4 33. Rxh4 gxh4 34.
Qg4 Qf6 35. Rf1 Qg5 36. Rf4 Qxg4+ 37. Rxg4 Kf7 38. Rxh4 Ng5 39. Kg2 Kf6 40. Kg3
Nf7 41. Kf2 Ne5 42. Ke2 a5 43. Rh5 a4 44. Kd2 axb3 45. axb3 Ra8 46. Kc2 Ra2+
47. Kb1 Rg2 48. Rh8 Kf7 49. Ra8 Nxd3 50. Ra6 Rb2+ 51. Ka1 Rg2 52. Rc6 Rg3 53.
e5 Nxe5 54. Rxc5 d3 55. Rd5 Kf6 56. c5 Rxh3 57. Kb1 Kxf5 58. c6 Rh8 59. c7 Rc8
60. Rc5 Ke6 61. Rb5 Rxc7 62. Rxb4 d2 0-1

[Event "G5-Gruppe 2 2013"]
[Site "Elsinore"]
[Date "2013.03.28"]
[Round "1"]
[White "Reiths, Henning"]
[Black "Pedersen, Carl Aage"]
[Result "1-0"]
[WhiteElo "1862"]
[BlackElo "1729"]
[PlyCount "69"]
[EventDate "2013.??.??"]
[EventType "swiss"]
[EventRounds "5"]
[EventCountry "DEN"]

1. d4 d5 2. Bg5 Nf6 3. e3 e6 4. Bd3 Nbd7 5. Nd2 Be7 6. f4 c5 7. c3 b6 8. Ngf3
h6 9. Bxf6 Nxf6 10. Qe2 Bb7 11. Bb5+ Kf8 12. O-O a6 13. Bd3 g6 14. Ne5 Kg7 15.
g4 Nd7 16. Ndf3 Nxe5 17. Nxe5 Bf6 18. Rf3 Bxe5 19. fxe5 c4 20. Bc2 Qg5 21. Rf6
h5 22. Kh1 hxg4 23. Raf1 g3 24. Rxf7+ Kg8 25. Qf3 Rxh2+ 26. Kg1 Rf2 27. Rxf2
gxf2+ 28. Kxf2 Bc6 29. Rf6 Be8 30. Qf4 Qxf4+ 31. exf4 Bf7 32. Bxg6 Bxg6 33.
Rxg6+ Kf7 34. f5 exf5 35. Rxb6 1-0

[Event "G5-Gruppe 2 2013"]
[Site "Elsinore"]
[Date "2013.03.28"]
[Round "1"]
[White "Raahauge, Hans"]
[Black "Jensen, Jan Kargaard"]
[Result "0-1"]
[WhiteElo "1716"]
[BlackElo "1808"]
[PlyCount "64"]
[EventDate "2013.??.??"]
[EventType "swiss"]
[EventRounds "5"]
[EventCountry "DEN"]

1. e4 e5 2. Nf3 d6 3. h3 Be7 4. d4 exd4 5. Nxd4 Nf6 6. Bd3 a6 7. Nc3 c5 8. Nf5
Bxf5 9. exf5 Nc6 10. O-O Qc7 11. Bf4 b5 12. Ne4 Nxe4 13. Bxe4 Rd8 14. c3 O-O
15. Qh5 Bf6 16. Rad1 Ne5 17. g4 d5 18. Bxd5 Rxd5 19. Rxd5 Nf3+ 20. Kg2 Qxf4 21.
g5 Nxg5 22. Qg4 Qxg4+ 23. hxg4 Re8 24. Rxc5 h6 25. Rc6 Re2 26. a4 Rxb2 27. Rxa6
bxa4 28. Rxa4 Bxc3 29. Rd1 Rb4 30. Ra8+ Kh7 31. f3 Rb2+ 32. Kf1 Nh3 0-1

[Event "G5-Gruppe 2 2013"]
[Site "Elsinore"]
[Date "2013.03.28"]
[Round "1"]
[White "Hansen, Aksel"]
[Black "Jensen, Leif Norholm"]
[Result "1/2-1/2"]
[WhiteElo "1782"]
[BlackElo "1724"]
[PlyCount "133"]
[EventDate "2013.??.??"]
[EventType "swiss"]
[EventRounds "5"]
[EventCountry "DEN"]

1. d4 Nf6 2. c4 e6 3. Nc3 Bb4 4. Qc2 c5 5. Nf3 Nc6 6. e3 O-O 7. Bd3 cxd4 8.
exd4 h6 9. Bd2 d5 10. c5 Ba5 11. a3 Bc7 12. O-O e5 13. dxe5 Nxe5 14. Nxe5 Bxe5
15. Bf5 Qc7 16. b4 Bxh2+ 17. Kh1 Be5 18. Rae1 a6 19. Na4 Bd7 20. Nb6 Rad8 21.
Bxd7 Nxd7 22. Nxd5 Qb8 23. Qf5 Rfe8 24. Bc3 Bxc3 25. Nxc3 Nf6 26. Ne4 Nxe4 27.
Rxe4 Rxe4 28. Qxe4 Re8 29. Qf3 Qc7 30. Rd1 a5 31. g3 axb4 32. axb4 Re6 33. Kg2
b6 34. Qd5 bxc5 35. bxc5 Re5 36. Qa8+ Kh7 37. c6 Rc5 38. Rd7 Qxc6+ 39. Qxc6
Rxc6 40. Rxf7 Kg6 41. Rf8 Rf6 42. Rh8 Kf7 43. f4 g5 44. fxg5 hxg5 45. Kh3 Kg7
46. Ra8 Kh6 47. Kg4 Rg6 48. Kf5 Rb6 49. Ra5 Rc6 50. g4 Rb6 51. Re5 Rc6 52. Re6+
Rxe6 53. Kxe6 Kg6 54. Ke5 Kg7 55. Kf5 Kh6 56. Kf6 Kh7 57. Kxg5 Kg7 58. Kh5 Kh7
59. g5 Kg7 60. g6 Kg8 61. Kg4 Kh8 62. Kf4 Kg8 63. Ke5 Kg7 64. Kf5 Kg8 65. Kf6
Kf8 66. g7+ Kg8 67. Kg6 1/2-1/2

[Event "G5-Gruppe 2 2013"]
[Site "Elsinore"]
[Date "2013.03.28"]
[Round "1"]
[White "Lind Mortensen, Orla"]
[Black "Pontoppidan, Erik"]
[Result "1/2-1/2"]
[WhiteElo "1784"]
[BlackElo "1733"]
[PlyCount "70"]
[EventDate "2013.??.??"]
[EventType "swiss"]
[EventRounds "5"]
[EventCountry "DEN"]

1. e4 e5 2. f4 d5 3. exd5 e4 4. d3 Nf6 5. dxe4 Nxe4 6. Nf3 Bc5 7. Qe2 Qe7 8.
Be3 Bxe3 9. Qxe3 O-O 10. Nbd2 Re8 11. O-O-O c6 12. Bc4 b5 13. Bd3 Nxd2 14. Qxe7
Rxe7 15. Rxd2 Bb7 16. Re1 Rxe1+ 17. Nxe1 Na6 18. d6 Nb4 19. a3 Nd5 20. g3 Rd8
21. Re2 g6 22. c4 bxc4 23. Bxc4 Rxd6 24. Nd3 Nb6 25. Nc5 Nxc4 26. Nxb7 Rd5 27.
a4 Kf8 28. b3 Nd6 29. Nxd6 Rxd6 30. Rd2 Ke7 31. Kc2 Rxd2+ 32. Kxd2 Kd6 33. Kc3
Kd5 34. b4 a6 35. Kd3 f5 1/2-1/2

[Event "G5-Gruppe 2 2013"]
[Site "Elsinore"]
[Date "2013.03.28"]
[Round "1"]
[White "Maechel, Michael"]
[Black "Olsen, Karsten K"]
[Result "0-1"]
[WhiteElo "1733"]
[BlackElo "1616"]
[PlyCount "64"]
[EventDate "2013.??.??"]
[EventType "swiss"]
[EventRounds "5"]
[EventCountry "DEN"]

1. e4 c6 2. d4 d5 3. Nc3 dxe4 4. Nxe4 Bf5 5. Ng3 Bg6 6. Nf3 e6 7. Ne5 Bd6 8.
Nxg6 hxg6 9. Be3 Ne7 10. Qf3 Nf5 11. Nxf5 Qa5+ 12. c3 Qxf5 13. Qxf5 gxf5 14. g3
Nd7 15. O-O-O O-O-O 16. Bd3 Kb8 17. Kb1 Rh3 18. Bg5 Rdh8 19. Bh4 Nf6 20. f3 Nd5
21. Rde1 R8xh4 22. gxh4 Rxf3 23. Bc2 Rh3 24. Re2 Rxh4 25. Rf2 g6 26. h3 Ne3 27.
Re2 Bf4 28. b3 g5 29. c4 g4 30. d5 cxd5 31. cxd5 Nxd5 32. Rf1 Nc3+ 0-1

[Event "G5-Gruppe 2 2013"]
[Site "Elsinore"]
[Date "2013.03.29"]
[Round "2"]
[White "Brandt, Klaus"]
[Black "Jensen, Jan Kargaard"]
[Result "1/2-1/2"]
[WhiteElo "1795"]
[BlackElo "1808"]
[PlyCount "92"]
[EventDate "2013.??.??"]
[EventType "swiss"]
[EventRounds "5"]
[EventCountry "DEN"]

1. d4 d5 2. c4 e6 3. Nc3 Nf6 4. Bg5 Nbd7 5. e3 c6 6. Nf3 Qa5 7. Nd2 Bb4 8. Qc2
O-O 9. Be2 dxc4 10. Bh4 Nd5 11. Rc1 b5 12. O-O a6 13. Nde4 f5 14. Ng5 N7f6 15.
Nf3 Bb7 16. Ne5 Rae8 17. Bf3 Bd6 18. a4 Qc7 19. Bg3 g5 20. b3 b4 21. Nxd5 Nxd5
22. Bxd5 exd5 23. bxc4 c5 24. cxd5 Bxd5 25. Nc4 f4 26. Nxd6 Qxd6 27. exf4 gxf4
28. dxc5 Qc6 29. Bh4 Bxg2 30. Rfe1 Bd5 31. Re7 Be4 32. Qc4+ Bd5 33. Qd3 Rxe7
34. Bxe7 Be4 35. Qc4+ Rf7 36. Bd6 Bd5 37. Qd4 Rg7+ 38. Kf1 Bg2+ 39. Ke1 Qe8+
40. Kd2 Qf7 41. c6 Qe6 42. c7 Bb7 43. Qxf4 Qd5+ 44. Ke1 Rg1+ 45. Ke2 Qa2+ 46.
Kd3 Qd5+ 1/2-1/2

[Event "G5-Gruppe 2 2013"]
[Site "Elsinore"]
[Date "2013.03.29"]
[Round "2"]
[White "Olsen, Karsten K"]
[Black "Reiths, Henning"]
[Result "1-0"]
[WhiteElo "1616"]
[BlackElo "1862"]
[PlyCount "63"]
[EventDate "2013.??.??"]
[EventType "swiss"]
[EventRounds "5"]
[EventCountry "DEN"]

1. Nf3 f5 2. e3 Nf6 3. b3 g6 4. Bb2 Bg7 5. Nc3 O-O 6. g3 d6 7. d4 c6 8. Bg2 Na6
9. O-O Qe8 10. Ne2 h6 11. h4 Bd7 12. c4 Rb8 13. Rb1 Nc7 14. Nf4 Qf7 15. Qd3
Rbd8 16. Rfd1 Bc8 17. Qf1 Ne4 18. Nd2 Nxd2 19. Rxd2 e5 20. dxe5 dxe5 21. Rxd8
Rxd8 22. Nd3 Qe7 23. Rd1 e4 24. Bxg7 Kxg7 25. Nf4 g5 26. hxg5 hxg5 27. Nh5+ Kg6
28. Qe2 Na6 29. Rxd8 Qxd8 30. g4 Nb4 31. Qb2 Nd3 32. Qg7# 1-0

[Event "G5-Gruppe 2 2013"]
[Site "Elsinore"]
[Date "2013.03.29"]
[Round "2"]
[White "Pontoppidan, Erik"]
[Black "Hansen, Aksel"]
[Result "1-0"]
[WhiteElo "1733"]
[BlackElo "1782"]
[PlyCount "71"]
[EventDate "2013.??.??"]
[EventType "swiss"]
[EventRounds "5"]
[EventCountry "DEN"]

1. d4 Nf6 2. c4 e6 3. Nf3 c5 4. d5 exd5 5. cxd5 d6 6. Nc3 Bg4 7. e4 Be7 8. Be2
Nbd7 9. Nd2 Bxe2 10. Qxe2 O-O 11. O-O Ne8 12. f4 Bf6 13. Nf3 Bxc3 14. bxc3 a6
15. a4 Qa5 16. Bd2 Nef6 17. c4 Qc7 18. Qd3 b5 19. axb5 axb5 20. cxb5 Rxa1 21.
Rxa1 Rb8 22. Ra6 c4 23. Qd4 Rxb5 24. Rc6 Qb8 25. h3 h6 26. Bc3 Rc5 27. Nd2 Qb5
28. Rxd6 Rc8 29. Qa7 Nxe4 30. Rxd7 Rf8 31. Bxg7 Kxg7 32. Qd4+ Nf6 33. Rd6 Re8
34. Qxf6+ Kg8 35. Nf3 Qc5+ 36. Kh2 1-0

[Event "G5-Gruppe 2 2013"]
[Site "Elsinore"]
[Date "2013.03.29"]
[Round "2"]
[White "Pedersen, Carl Aage"]
[Black "Maechel, Michael"]
[Result "1/2-1/2"]
[WhiteElo "1729"]
[BlackElo "1733"]
[PlyCount "43"]
[EventDate "2013.??.??"]
[EventType "swiss"]
[EventRounds "5"]
[EventCountry "DEN"]

1. d4 Nf6 2. Nf3 d5 3. c4 e6 4. Bg5 Be7 5. Nc3 O-O 6. e3 c6 7. Bd3 h6 8. Bh4
Na6 9. a3 Nc7 10. O-O dxc4 11. Bxc4 Ncd5 12. Qc2 Nxc3 13. Qxc3 Nd5 14. Bxe7
Qxe7 15. Qc2 Bd7 16. Rac1 Rfc8 17. Ba2 a5 18. Bb1 g6 19. Ne5 Be8 20. h3 Kg7 21.
Qd3 Qg5 22. Nf3 1/2-1/2

[Event "G5-Gruppe 2 2013"]
[Site "Elsinore"]
[Date "2013.03.29"]
[Round "2"]
[White "Raahauge, Hans"]
[Black "Madsen, Per"]
[Result "1/2-1/2"]
[WhiteElo "1716"]
[BlackElo "1703"]
[PlyCount "63"]
[EventDate "2013.??.??"]
[EventType "swiss"]
[EventRounds "5"]
[EventCountry "DEN"]

1. e4 Nc6 2. d4 e5 3. d5 Nce7 4. Nf3 Ng6 5. Nc3 Bb4 6. Bd2 Nf6 7. Bd3 O-O 8. a3
Ba5 9. O-O h6 10. b4 Bb6 11. Na4 d6 12. h3 Bd7 13. Nxb6 axb6 14. c4 Ba4 15. Qc1
Nd7 16. Nh2 Qe8 17. Ng4 h5 18. Nh2 Nf6 19. f3 Bd7 20. Bg5 Nh7 21. Be3 f5 22.
Qc2 f4 23. Bf2 Ne7 24. c5 b5 25. cxd6 cxd6 26. Qc7 Rf6 27. Kh1 Rc8 28. Qb6 Rc3
29. Be2 Qc8 30. h4 Rc2 31. Bd3 Rc3 32. Be2 1/2-1/2

[Event "G5-Gruppe 2 2013"]
[Site "Elsinore"]
[Date "2013.03.29"]
[Round "2"]
[White "Jensen, Leif Norholm"]
[Black "Lind Mortensen, Orla"]
[Result "1/2-1/2"]
[WhiteElo "1724"]
[BlackElo "1784"]
[PlyCount "89"]
[EventDate "2013.??.??"]
[EventType "swiss"]
[EventRounds "5"]
[EventCountry "DEN"]

1. c4 e5 2. Nc3 Nf6 3. g3 Nc6 4. Bg2 Be7 5. Nf3 d6 6. O-O O-O 7. d3 h6 8. a3 a5
9. b3 Be6 10. Bb2 Qc8 11. Nd2 Bh3 12. Nde4 Nh7 13. f3 Bxg2 14. Kxg2 f5 15. Nf2
Bg5 16. Nd5 Ne7 17. Nxe7+ Bxe7 18. d4 Rd8 19. Qc2 Bf6 20. Rad1 Qe6 21. dxe5
dxe5 22. Nd3 b6 23. Bc3 g6 24. a4 c5 25. Qb2 Re8 26. Nf2 Rad8 27. e4 Qc8 28.
Rd5 Qc7 29. Rfd1 Rxd5 30. exd5 Qd6 31. Re1 Kf7 32. Nd3 e4 33. fxe4 Rxe4 34.
Rxe4 fxe4 35. Nf4 Nf8 36. Bxf6 Qxf6 37. Qxf6+ Kxf6 38. Kf2 Ke5 39. Ke3 g5 40.
Ne2 Nd7 41. g4 Nf6 42. h3 h5 43. gxh5 Nxh5 44. Nc3 Nf6 45. Ne2 1/2-1/2

[Event "G5-Gruppe 2 2013"]
[Site "Elsinore"]
[Date "2013.03.30"]
[Round "3"]
[White "Jensen, Jan Kargaard"]
[Black "Pontoppidan, Erik"]
[Result "1-0"]
[WhiteElo "1808"]
[BlackElo "1733"]
[PlyCount "53"]
[EventDate "2013.??.??"]
[EventType "swiss"]
[EventRounds "5"]
[EventCountry "DEN"]

1. Nf3 c5 2. b3 Nf6 3. Bb2 g6 4. e3 Bg7 5. Be2 O-O 6. O-O Nc6 7. d4 cxd4 8.
Nxd4 Nxd4 9. Bxd4 d6 10. Nd2 Bd7 11. c4 Bc6 12. Bf3 Bxf3 13. Nxf3 Qa5 14. Qe2
Qh5 15. Rad1 b6 16. Ba1 Nd7 17. Bxg7 Kxg7 18. Nd4 Qxe2 19. Nxe2 Nf6 20. Nc3
Rfc8 21. Nd5 Nxd5 22. Rxd5 Rc7 23. e4 Rac8 24. f4 Rc5 25. f5 Rxd5 26. exd5 Rc5
27. a4 1-0

[Event "G5-Gruppe 2 2013"]
[Site "Elsinore"]
[Date "2013.03.30"]
[Round "3"]
[White "Reiths, Henning"]
[Black "Jensen, Leif Norholm"]
[Result "1/2-1/2"]
[WhiteElo "1862"]
[BlackElo "1724"]
[PlyCount "71"]
[EventDate "2013.??.??"]
[EventType "swiss"]
[EventRounds "5"]
[EventCountry "DEN"]

1. d4 Nf6 2. Bg5 e6 3. e3 c5 4. c3 d5 5. Nd2 Nc6 6. f4 cxd4 7. exd4 Be7 8. Bd3
h6 9. Bxf6 Bxf6 10. Ngf3 Qc7 11. Ne5 Bh4+ 12. g3 Nxe5 13. fxe5 Be7 14. Qh5 O-O
15. O-O Bd7 16. Nf3 Be8 17. Qh3 Qb6 18. Qg2 Bb5 19. Bxb5 Qxb5 20. Rae1 a5 21.
h4 a4 22. a3 Qe8 23. g4 Kh8 24. g5 Rg8 25. Qg4 Kh7 26. Qh5 f5 27. Qxe8 Raxe8
28. Kf2 h5 29. Ng1 g6 30. Nh3 Bd8 31. Nf4 b5 32. Ke3 Rg7 33. Rb1 Rc7 34. Kd3
Rc6 35. b3 Ba5 36. b4 1/2-1/2

[Event "G5-Gruppe 2 2013"]
[Site "Elsinore"]
[Date "2013.03.30"]
[Round "3"]
[White "Brandt, Klaus"]
[Black "Olsen, Karsten K"]
[Result "1-0"]
[WhiteElo "1795"]
[BlackElo "1616"]
[PlyCount "55"]
[EventDate "2013.??.??"]
[EventType "swiss"]
[EventRounds "5"]
[EventCountry "DEN"]

1. d4 c6 2. c4 d5 3. Nf3 Bf5 4. Nc3 Nf6 5. e3 e6 6. Be2 h6 7. O-O dxc4 8. Bxc4
Bb4 9. Qb3 Qe7 10. a3 Ba5 11. Ne5 O-O 12. Bd3 Bxd3 13. Nxd3 Bc7 14. Ne5 Bb6 15.
Na4 Nbd7 16. f4 Nxe5 17. fxe5 Nd7 18. Nxb6 axb6 19. Bd2 c5 20. Rac1 Rac8 21.
Bc3 Qg5 22. Rce1 Rc7 23. Qd1 f6 24. Rf3 fxe5 25. Rxf8+ Nxf8 26. dxe5 Rd7 27.
Qe2 Qd8 28. Qf3 1-0

[Event "G5-Gruppe 2 2013"]
[Site "Elsinore"]
[Date "2013.03.30"]
[Round "3"]
[White "Lind Mortensen, Orla"]
[Black "Hansen, Aksel"]
[Result "0-1"]
[WhiteElo "1784"]
[BlackElo "1782"]
[PlyCount "106"]
[EventDate "2013.??.??"]
[EventType "swiss"]
[EventRounds "5"]
[EventCountry "DEN"]

1. e4 c5 2. f4 Nc6 3. Nf3 g6 4. Nc3 Bg7 5. Be2 d6 6. d3 Nf6 7. O-O O-O 8. h3
Nd4 9. Be3 Nh5 10. Kh2 Nxe2 11. Qxe2 b6 12. d4 cxd4 13. Nxd4 Bb7 14. Qd3 e5 15.
Nde2 exf4 16. Bxf4 Nxf4 17. Nxf4 Be5 18. Kg1 Qg5 19. Nfd5 Rac8 20. Rf3 Rc5 21.
Raf1 Kg7 22. Nf4 Rfc8 23. Ne6+ fxe6 24. Rf7+ Kh6 25. Rxb7 R8c7 26. Rxc7 Rxc7
27. Qf3 Qg3 28. Qxg3 Bxg3 29. Rf3 Be5 30. Rd3 a6 31. Rd2 Kg5 32. Nd1 Rc4 33.
Re2 Kf4 34. Rf2+ Kxe4 35. Re2+ Kf4 36. Rf2+ Kg5 37. Kh1 Re4 38. Rf1 Re2 39. c3
Bg3 40. a3 d5 41. b3 e5 42. a4 d4 43. cxd4 exd4 44. b4 a5 45. b5 Ra2 46. Rf3
Be5 47. g3 Ra1 48. Rf1 Bxg3 49. Rg1 Kf4 50. Rf1+ Ke5 51. Kg2 Bh4 52. Kf3 Rxa4
53. Kg4 d3+ 0-1

[Event "G5-Gruppe 2 2013"]
[Site "Elsinore"]
[Date "2013.03.30"]
[Round "3"]
[White "Maechel, Michael"]
[Black "Raahauge, Hans"]
[Result "0-1"]
[WhiteElo "1733"]
[BlackElo "1716"]
[PlyCount "136"]
[EventDate "2013.??.??"]
[EventType "swiss"]
[EventRounds "5"]
[EventCountry "DEN"]

1. e4 e5 2. Nf3 Nf6 3. Nxe5 d6 4. Nf3 Nxe4 5. d4 d5 6. Bd3 Bd6 7. O-O O-O 8. c4
c6 9. Nc3 Nxc3 10. bxc3 Bg4 11. h3 Bh5 12. Re1 Re8 13. Be3 Nd7 14. cxd5 cxd5
15. Rb1 b6 16. Bb5 Re7 17. Bc6 Rc8 18. Bxd5 Rxc3 19. Rb3 Rxb3 20. Bxb3 h6 21.
g4 Bg6 22. Bc2 Bxc2 23. Qxc2 Nf6 24. g5 hxg5 25. Nxg5 Bf4 26. Qf5 Bxe3 27. fxe3
Qd7 28. Qxd7 Rxd7 29. Rc1 g6 30. Rc6 Kg7 31. Kf2 Nd5 32. a3 Rc7 33. Rd6 Nc3 34.
Kf3 Nb5 35. Rd8 Nxa3 36. d5 Nc4 37. Kf4 a5 38. d6 Rc5 39. e4 Ne5 40. d7 Kf6 41.
Nh7+ Ke7 42. Re8+ Kxd7 43. Rxe5 Rxe5 44. Kxe5 Kc6 45. Nf6 a4 46. Nd5 Kc5 47.
Kf6 b5 48. Kxf7 a3 49. Ne3 b4 50. Nc2 a2 51. Na1 Kc4 52. e5 b3 53. e6 b2 54. e7
bxa1=Q 55. e8=Q Qf1+ 56. Kg8 a1=Q 57. Qc6+ Kb4 58. Qb6+ Kc3 59. Qe3+ Qd3 60.
Qe5+ Qd4 61. Qg3+ Kc4 62. Qc7+ Qc5 63. Qf4+ Qad4 64. Qf1+ Kd5 65. Qf7+ Kc6 66.
Qe8+ Qd7 67. Qxg6+ Kb7 68. Qb1+ Kc8 0-1

[Event "G5-Gruppe 2 2013"]
[Site "Elsinore"]
[Date "2013.03.30"]
[Round "3"]
[White "Madsen, Per"]
[Black "Pedersen, Carl Aage"]
[Result "1/2-1/2"]
[WhiteElo "1703"]
[BlackElo "1729"]
[PlyCount "117"]
[EventDate "2013.??.??"]
[EventType "swiss"]
[EventRounds "5"]
[EventCountry "DEN"]

1. d4 Nf6 2. Nc3 d5 3. e4 dxe4 4. f3 e3 5. Bxe3 e6 6. Bc4 Be7 7. Nge2 O-O 8.
Qd2 c6 9. O-O-O Nbd7 10. h4 Nb6 11. Bb3 Nbd5 12. Bf2 Nxc3 13. Nxc3 b5 14. Ne4
a5 15. a4 Nxe4 16. fxe4 Bb7 17. Qe2 bxa4 18. Bxa4 Ba6 19. c4 Qc7 20. g3 Rab8
21. Qc2 Qb7 22. b3 Rfc8 23. Be3 Qb4 24. Rd3 Qa3+ 25. Kd1 Qa1+ 26. Bc1 Ba3 27.
Ke2 Bxc1 28. Qxc1 Qxc1 29. Rxc1 Kf8 30. Ke3 Ke7 31. Rdc3 f6 32. Rf1 Kd6 33. Rf2
Ke7 34. Kf4 h6 35. Ke3 Kd6 36. g4 Ke7 37. e5 fxe5 38. dxe5 c5 39. Rd3 Rd8 40.
Rfd2 Rxd3+ 41. Rxd3 Rd8 42. Rxd8 Kxd8 43. Bc6 Kc7 44. Be8 Kd8 45. Ba4 Bb7 46.
Kf4 Ke7 47. g5 Bc8 48. Kg4 hxg5 49. Kxg5 Bb7 50. Kg6 Kf8 51. Bb5 Be4+ 52. Kg5
Bc2 53. Ba4 Bb1 54. Kf4 Kf7 55. Kg5 Bc2 56. h5 Bd3 57. Kf4 Be2 58. Kg5 Bd3 59.
h6 1/2-1/2

[Event "G5-Gruppe 2 2013"]
[Site "Elsinore"]
[Date "2013.03.31"]
[Round "4"]
[White "Pedersen, Carl Aage"]
[Black "Lind Mortensen, Orla"]
[Result "1-0"]
[WhiteElo "1729"]
[BlackElo "1784"]
[PlyCount "163"]
[EventDate "2013.??.??"]
[EventType "swiss"]
[EventRounds "5"]
[EventCountry "DEN"]

1. d4 Nf6 2. c4 e5 3. dxe5 Ng4 4. Nf3 Nc6 5. Bf4 Bb4+ 6. Nc3 Qe7 7. Qd5 d6 8.
exd6 cxd6 9. e3 Nf6 10. Qd2 Ne4 11. Qc2 Bf5 12. Bd3 Bxc3+ 13. bxc3 O-O 14. O-O
Rfe8 15. Nd2 Nxd2 16. Qxd2 Bxd3 17. Qxd3 Red8 18. Rab1 b6 19. Rfd1 Ne5 20. Qe2
Rac8 21. Rd4 f6 22. Rbd1 Qe6 23. Bxe5 fxe5 24. Rd5 Rd7 25. h3 Rcd8 26. e4 Qf6
27. Qd2 h6 28. a4 Qg6 29. f3 Qe6 30. Qd3 Kf7 31. a5 Ke7 32. axb6 axb6 33. Rb1
Rb8 34. Rdb5 Rdb7 35. R1b4 Qd7 36. Qe3 Qc7 37. Qf2 Kf8 38. f4 Ke8 39. fxe5 dxe5
40. Qf5 Kd8 41. Qf8+ Kd7 42. Qxg7+ Kc8 43. Qf8+ Qd8 44. Qxd8+ Kxd8 45. Rxe5 Ra8
46. c5 Ra2 47. Rf5 Rg7 48. Rf2 Ra1+ 49. Kh2 bxc5 50. Rc4 Re7 51. Rxc5 Rxe4 52.
Rc2 Kd7 53. Rd5+ Ke7 54. c4 Ree1 55. Rcd2 Rac1 56. c5 Re6 57. Rd7+ Kf6 58. Rc7
Rc3 59. Rd6 h5 60. Rcc6 Rxd6 61. Rxd6+ Ke7 62. Rd5 h4 63. Rd4 Rxc5 64. Rxh4 Rc3
65. Rf4 Ke6 66. h4 Ke5 67. Rf8 Ke6 68. g3 Ke7 69. Rf2 Re3 70. h5 Re5 71. g4 Rg5
72. Kg3 Re5 73. Kh4 Re1 74. Kg5 Re5+ 75. Rf5 Re1 76. h6 Rh1 77. Kg6 Rg1 78. g5
Rh1 79. h7 Ke6 80. Rf2 Ke7 81. Kg7 Rg1 82. g6 1-0

[Event "G5-Gruppe 2 2013"]
[Site "Elsinore"]
[Date "2013.03.31"]
[Round "4"]
[White "Maechel, Michael"]
[Black "Madsen, Per"]
[Result "0-1"]
[WhiteElo "1733"]
[BlackElo "1703"]
[PlyCount "138"]
[EventDate "2013.??.??"]
[EventType "swiss"]
[EventRounds "5"]
[EventCountry "DEN"]

1. e4 c5 2. Nf3 Nc6 3. Bb5 g6 4. Bxc6 bxc6 5. O-O Bg7 6. Re1 Rb8 7. d4 cxd4 8.
Nxd4 Nf6 9. c4 O-O 10. e5 Ne8 11. Nxc6 Qc7 12. Nxb8 Qxb8 13. Qb3 Qa8 14. Nc3 e6
15. Nb5 Bb7 16. f3 Bc6 17. Bd2 a6 18. Nd4 Bb7 19. Qb6 Qb8 20. Bb4 Bxe5 21. Rxe5
Qxe5 22. Bxf8 Kxf8 23. Rd1 Bc8 24. Qd8 Qc5 25. Kh1 Qxc4 26. b3 Qc5 27. h3 d5
28. b4 Qc4 29. Nb3 Bb7 30. Nc5 Bc6 31. Qc8 Bb5 32. a3 Qe2 33. Rb1 Qa2 34. Rc1
Qxa3 35. Nb7 Qxb4 36. Qc5+ Qxc5 37. Nxc5 Ke7 38. Nb3 Kd6 39. f4 Bc4 40. Na5 Bb5
41. Nb7+ Ke7 42. Kg1 Kf6 43. Kf2 h5 44. g4 hxg4 45. hxg4 g5 46. fxg5+ Kxg5 47.
Kg3 Nf6 48. Nd8 Ne4+ 49. Kh3 Kg6 50. Kh4 Bc4 51. Rb1 Bb5 52. Rc1 d4 53. Rc7 Ng5
54. Rc5 e5 55. Rd5 Kf6 56. Nb7 Ne4 57. Na5 d3 58. Rd8 Ke7 59. Rd5 Ke6 60. Rd8
Nd6 61. Nb3 Ke7 62. Ra8 e4 63. Ra7+ Kf6 64. g5+ Ke5 65. Kg3 Bc4 66. Re7+ Kd5
67. Kf4 Bxb3 68. Re5+ Kc6 69. Ke3 Nc4+ 0-1

[Event "G5-Gruppe 2 2013"]
[Site "Elsinore"]
[Date "2013.03.31"]
[Round "4"]
[White "Hansen, Aksel"]
[Black "Reiths, Henning"]
[Result "1/2-1/2"]
[WhiteElo "1782"]
[BlackElo "1862"]
[PlyCount "41"]
[EventDate "2013.??.??"]
[EventType "swiss"]
[EventRounds "5"]
[EventCountry "DEN"]

1. d4 Nf6 2. c4 g6 3. Nc3 d5 4. cxd5 Nxd5 5. e4 Nxc3 6. bxc3 Bg7 7. Be3 O-O 8.
Bc4 c5 9. Ne2 Nc6 10. Qd2 Qa5 11. Rd1 Rd8 12. O-O cxd4 13. cxd4 Qxd2 14. Rxd2
Na5 15. Rc1 Nxc4 16. Rxc4 b5 17. Rc7 Bd7 18. Rdc2 Rdc8 19. R2c5 Rxc7 20. Rxc7
Be8 21. f3 1/2-1/2

[Event "G5-Gruppe 2 2013"]
[Site "Elsinore"]
[Date "2013.03.31"]
[Round "4"]
[White "Olsen, Karsten K"]
[Black "Jensen, Jan Kargaard"]
[Result "1/2-1/2"]
[WhiteElo "1616"]
[BlackElo "1808"]
[PlyCount "102"]
[EventDate "2013.??.??"]
[EventType "swiss"]
[EventRounds "5"]
[EventCountry "DEN"]

1. e4 c5 2. Nf3 d6 3. d4 cxd4 4. Nxd4 Nf6 5. Nc3 a6 6. Be2 e6 7. g4 h6 8. Be3
Qc7 9. Qd2 Nc6 10. O-O-O Bd7 11. Nb3 b5 12. f4 Na5 13. e5 Nxb3+ 14. axb3 dxe5
15. fxe5 b4 16. exf6 bxc3 17. Qxc3 Qxc3 18. bxc3 gxf6 19. Kb2 Bc6 20. Rhf1 Bg7
21. Bc5 Bb5 22. Bxb5+ axb5 23. Rd3 Rd8 24. Rfd1 Rxd3 25. Rxd3 h5 26. gxh5 Rxh5
27. Bb6 Rxh2 28. Rd8+ Ke7 29. Bc7 Rh5 30. Rg8 Rg5 31. Bf4 Rg4 32. Bh6 Rg6 33.
Bxg7 Kd7 34. Ka3 f5 35. Kb4 Kc6 36. c4 bxc4 37. Kxc4 f4 38. Kd4 f5 39. Re8 Rxg7
40. Rxe6+ Kd7 41. Rf6 Rg5 42. c4 Ke7 43. Rh6 Rg4 44. c5 f3+ 45. Ke3 f2 46. Kxf2
Rb4 47. Rb6 Rxb6 48. cxb6 Kd7 49. Kf3 Kc6 50. b7 Kxb7 51. Kf4 Kc6 1/2-1/2

[Event "G5-Gruppe 2 2013"]
[Site "Elsinore"]
[Date "2013.03.31"]
[Round "4"]
[White "Pontoppidan, Erik"]
[Black "Brandt, Klaus"]
[Result "1-0"]
[WhiteElo "1733"]
[BlackElo "1795"]
[PlyCount "88"]
[EventDate "2013.??.??"]
[EventType "swiss"]
[EventRounds "5"]
[EventCountry "DEN"]

1. d4 d5 2. c4 c6 3. Nf3 Nf6 4. Nc3 e6 5. e3 Nbd7 6. Bd3 dxc4 7. Bxc4 b5 8. Bd3
a6 9. O-O Bb7 10. a3 Rc8 11. b4 Bd6 12. Bb2 O-O 13. Nd2 e5 14. Nce4 Bb8 15. Rc1
exd4 16. Bxd4 Nxe4 17. Nxe4 Qh4 18. f4 c5 19. bxc5 Rfe8 20. Ng3 g6 21. Be2 Qe7
22. Bg4 f5 23. Bf3 Bxf3 24. Qxf3 Nxc5 25. Qd5+ Ne6 26. Ne2 Kf8 27. Kf2 Nxd4 28.
Qxd4 Kg8 29. Qd5+ Kg7 30. Qd4+ Kh6 31. Qd3 Rcd8 32. Nd4 Ba7 33. Rfe1 Qh4+ 34.
Kf1 Qxh2 35. Kf2 Qh4+ 36. Kf1 Qe7 37. Qc3 Qe4 38. Qc7 Bxd4 39. exd4 Qd3+ 40.
Kg1 Qxd4+ 41. Kh1 Qf2 42. Rxe8 Rxe8 43. Qf7 Re2 44. Qb7 Qxf4 1-0

[Event "G5-Gruppe 2 2013"]
[Site "Elsinore"]
[Date "2013.03.31"]
[Round "4"]
[White "Jensen, Leif Norholm"]
[Black "Raahauge, Hans"]
[Result "1-0"]
[WhiteElo "1724"]
[BlackElo "1716"]
[PlyCount "83"]
[EventDate "2013.??.??"]
[EventType "swiss"]
[EventRounds "5"]
[EventCountry "DEN"]

1. c4 Nf6 2. g3 d5 3. Bg2 dxc4 4. Na3 c6 5. Nxc4 Bf5 6. d3 Nbd7 7. Nf3 Nb6 8.
b3 e6 9. O-O Be7 10. Ne3 Bg6 11. Bb2 O-O 12. Rc1 Nfd5 13. Nxd5 exd5 14. Qd2 Bf6
15. Rfd1 Bxb2 16. Qxb2 Nd7 17. Nh4 Qf6 18. Qxf6 Nxf6 19. Nxg6 hxg6 20. e4 Rfe8
21. exd5 Nxd5 22. Bxd5 cxd5 23. Rc7 b6 24. Rdc1 Kf8 25. Rd7 Rac8 26. Rxc8 Rxc8
27. Rxd5 Rc2 28. a4 Rc3 29. b4 Ke7 30. a5 Ke6 31. axb6 axb6 32. Rb5 Rxd3 33.
Rxb6+ Rd6 34. Rxd6+ Kxd6 35. Kg2 Kc6 36. Kf3 Kb5 37. Ke4 Kxb4 38. Kd5 Kc3 39.
Kd6 Kd4 40. Ke7 f5 41. Kf7 g5 42. h4 1-0